000 01897na a2200397 4500
001 14807
003 MIRAKIL
005 20181213154853.0
008 161018b tu 000 0
035 _a14807
040 _aMilas
_btur
_cTR-AnCHP
041 _atur
082 _aCHP 351.722
_bC36y [t.y.]
090 _aCHP 351.722 C36y [t.y.]
110 _aCumhuriyet Halk Partisi (CHP)
245 _aYasalarla AKP yıkımına karşı oy
_c[hazırlayan] CHP TBMM Grubu
260 _a[Ankara]
_bCHP
_c[t.y.]
300 _a2 c.
_btbl.,grf.
_c30 sm.
490 _aCumhuriyet Halk Partisi yayınları
500 _ac. 1: 22. Dönem TBMM Plan ve Bütçe Komisyonu raporlarında Cumhuriyet Halk Partisi milletvekillerinin karşı oy yazıları -- c. 2: 23. Dönem TBMM Plan ve Bütçe Komisyonu raporlarında Cumhuriyet Halk Partisi milletvekillerinin karşı oy yazıları.
610 _aPlan ve Bütçe Komisyonu
_xPlan ve bütçe raporları
_yKarşı oy
610 _aCHP
_xBütçe kanun tasarıları
_yİktidar eleştirisi
610 _aCHP
_xPlan ve bütçe raporları
_yKarşı oy yazıları
650 _aSiyasal partiler
_xBütçe kanun tasarıları
_yKarşı oy
_zTürkiye
650 _aBütçe
_xHukuk ve mevzuat
_yKarşı oy
657 _aCHP karşı oy yazısı
657 _aCHP karşı oy yazıları
740 _aAKP yıkımına karşı oy
740 _aCHP karşı oy yazıları
740 _aTBMM Plan ve Bütçe Komisyonu raporlarında Cumhuriyet Halk Partisi milletvekillerinin karşı oy yazıları
740 _a23. Dönem TBMM Plan ve Bütçe Komisyonu raporlarında Cumhuriyet Halk Partisi milletvekillerinin karşı oy yazıları
740 _a22. Dönem TBMM Plan ve Bütçe Komisyonu raporlarında Cumhuriyet Halk Partisi milletvekillerinin karşı oy yazıları
810 _aCumhuriyet Halk Partisi (CHP)
830 _aCHP yayınları
942 _2ddc
_cBKS
999 _c2310
_d2310